000
00261nam a2200109Ia 4500
008
240625s9999 xx 000 0 und d
041
_a
eng
082
_a
658.4038011 LAU
100
_a
LAUDON KENNETH C
245
_a
MANAGEMENT INFORMATION SYSTEMS
260
_c
2008
999
_c
39388
_d
39388